ბათუმის შოთა რუსთაველის სახელმწიფო უნივერსიტეტის ბიბლიოთეკა

London and its museums / (ბიბ.ჩანაწერი № 60580)

000 -LEADER
fixed length control field 00464nam a22001577a 4500
005 - DATE AND TIME OF LATEST TRANSACTION
control field 20230912113012.0
008 - FIXED-LENGTH DATA ELEMENTS--GENERAL INFORMATION
fixed length control field 230912s1971 enk||||| |||| 00| 0 eng d
041 ## - LANGUAGE CODE
Language code of text/sound track or separate title eng
080 ## - UNIVERSAL DECIMAL CLASSIFICATION NUMBER
Universal Decimal Classification number 7(410.1) D-16
100 ## - MAIN ENTRY--PERSONAL NAME
Personal name Dalzell, W. R.
9 (RLIN) 19801
245 ## - TITLE STATEMENT
Title London and its museums /
Statement of responsibility, etc. W. R.Dalzell.
264 ## - PRODUCTION, PUBLICATION, DISTRIBUTION, MANUFACTURE, AND COPYRIGHT NOTICE
Place of production, publication, distribution, manufacture Hannover,
Date of production, publication, distribution, manufacture, or copyright notice 1971.
300 ## - PHYSICAL DESCRIPTION
Extent 135 p.:
Other physical details ill.;
Dimensions 18 cm.
653 ## - INDEX TERM--UNCONTROLLED
keyword ლონდონი და მისი მუზეუმები
942 ## - ADDED ENTRY ELEMENTS (KOHA)
Source of classification or shelving scheme
Koha item type წიგნი
ეგზემპლარები
Withdrawn status Lost status Source of classification or shelving scheme Damaged status Not for loan Permanent Location Current Location Shelving location Date acquired Cost, normal purchase price Full call number Barcode Date last seen Copy number Uniform Resource Identifier Price effective from Koha item type Public note
          ბათუმის შოთა რუსთაველის სახელმწიფო უნივერსიტეტის მთავარი ბიბლიოთეკა ბათუმის შოთა რუსთაველის სახელმწიფო უნივერსიტეტის მთავარი ბიბლიოთეკა წიგნსაცავი 2023-09-12 7.00 7(410.1) D-16 65198 2023-09-12 65198 ბსუ-ს საპატიო დოქტორის გურამ ლორთქიფანიძის საჩუქარი 2023-09-12 წიგნი 7 ლ.